01408 2200385 4500001002100000005001500021035002000036007000300056008004100059336002100100337002300121338003800144040002200182245015500204300003100359020002200390082001500412084001500427264004500442500006900487500006400556650003800620700002800658700003100686850001200717852002000729856007500749546006600824990002200890990002200912990002200934990002200956990002200978990002201000INLIS00000000086738520211125022311 a0010-1121001466ta211125s2010 jkia gs ind d 2rdacontentateks 2rdamediaakomputer 2rdacarrierasumber sambung jaring aYOPDYOGbinderda00aBungkus diri anda dalam rajutan gaya :bmerajut ponco, selendang, mantel tanpa lengan, & bolero /cpenyunting, Edie Eckman; penerjemah, Martha Widjaja a1 berkas komputer (3,6 MB) a978-979-22-6223-004223a746.43 a746.43 BUN31aJakarta :bGramedia Pustaka Utama,c2010 aUntuk mengakses buku ini silakan unduh aplikasi http://ijogja.id aJudul asli: Knit & crochet: ponchos, wraps, capes & shrugs! 4aKerajinan tangan--xRajut merajut0 aEdie Eckmanepenyunting0 aMartha Widjajaepenerjemah aYOPDYOG8 aAplikasi iJogja40nPerpustakaan Digital iJogjauhttp://ijogja.id/publications/books/21242 aTeks dalam bahasa Indonesia diterjemahkan dari bahasa Inggris a003335-EPD/B.2017 a003336-EPD/B.2017 a003336-EPD/B.2017 a003335-EPD/B.2017 a003335-EPD/B.2017 a003336-EPD/B.2017